01205nam a22003377a 45000010005000000030009000050050017000140070005000310080041000360200015000770400022000920820015001141000030001292450121001592600031002803000027003114900055003386500031003936500037004246500031004617000038004927000031005307000023005618300053005849420012006379450027006499520118006769560021007949560037008159990015008520074DO-SdBNP20180131132820.00074151008b sp 1991 sp 00| 0 spa d a842724925X aBPMSUbspacBPMSU 4a813bA676m10aArden, Williand1924-200510aMisterio del diablo danzante /cWillian Arden ; traducción Ramón Margalef Llambrich ; ilustración R. Escolano aBarcelona :bMolino,c1984 a173 p. :bil.,c20 cm.1 aAlfred Hitchcock y los tres investigadores v; 25 aNOVELA POLICÍACA INGLESA 4aLITERATURA POLICÍACA INGLESA 4aLITERATURA JUVENIL INGLESA10aMagalef Llambrich, Ramón,etr.10aHitchcock, Alfredepról.10aEscolano, R.,eil. 0aAlfred Hitchcock y los tres investigadoresn; 25 2ddccBK aInventariado, 2018/ YL 00102ddc40708CJ-GaBPMETbBPMETd2015-10-08eFundil0o813 A676mpBPMSU15100069r2015-10-08w2015-10-08yBK aBrenda Tavárez aValidado. Control de calidad MFF c8347d8347